Music Quiz

Random Music or Song Quiz

Eurythmics Songs Quiz Stats

 Plays Quiz not verified by Sporcle

Support Sporcle.
Go Orange.
Score 0/93 Timer 20:00
0 Plays Today
% Correct
Sweet Dreams (Are Made of This)
96.7%
Here Comes the Rain Again
89.3%
Sexcrime (Nineteen Eight-Four)
84%
Love Is a Stranger
81.7%
There Must Be an Angel (Playing With My Heart)
80.5%
Who's That Girl
79.9%
Missionary Man
79.7%
Thorn in My Side
79.2%
Sisters are Doin' It For Themselves
76.9%
Savage
75.1%
Beethoven (I Love to Listen to)
74.6%
Right By Your Side
73.1%
Would I Lie to You
73.1%
I Need a Man
72.8%
When Tomorrow Comes
72.6%
Angel
70.8%
Revenge
69.8%
Julia
69.3%
The King and Queen of America
68.8%
It's Alright (Baby's Coming Back)
67.8%
17 Again
66.8%
The Miracle of Love
66.5%
You Have Placed a Chill In My Heart
66.5%
I Saved the World Today
65.7%
Adrian
62.9%
Belinda
62.4%
Shame
61.4%
We Two Are One
59.6%
The Walk
58.6%
Jennifer
58.4%
Cool Blue
58.4%
% Correct
English Summer
57.4%
Aqua
56.9%
I've Got a Lover (Back in Japan)
56.9%
Never Gonna Cry Again
56.3%
Peace is Just a Word
55.8%
Don't Ask Me Why
55.6%
Conditioned Soul
55.1%
Paint a Rumour
54.8%
Sylvia
54.8%
I've Got a Life
54.6%
I Could Give You (a Mirror)
54.3%
I Love You Like a Ball and Chain
54.3%
Revival
54.1%
Regrets
53.6%
This Is the House
53.3%
Wrap It Up
53%
For the Love of Big Brother
52.3%
I Need You
51.5%
This City Never Sleeps
50.5%
Brand New Day
50%
Winter Wonderland
50%
No Fear No Hate No Pain (No Broken Hearts)
49.2%
Caveman Head
49%
I've Got an Angel
49%
Do You Want to Break Up
49%
When the Day Goes Down
49%
Heaven
48.7%
Winston's Diary
48.5%
Was It Just Another Love Affair
48%
Room 101
47.7%
Doubleplusgood
47.5%
% Correct
Let's Go
46.7%
You Hurt Me (And I Hate You)
46.4%
(My My) Baby's Gonna Cry
45.9%
In This Town
44.4%
Power to the Meek
44.4%
Sing-Sing
43.9%
Lifted
43.9%
Better to Have Lost in Love (Than Never to Have Loved at All)
43.4%
She's Invisible Now
43.1%
Beautiful Child
42.6%
The First Cut
42.1%
Wide Eyed Girl
42.1%
Take Me to Your Heart
41.4%
I Remember You
41.1%
All the Young (People of Today)
40.9%
A Little of You
40.9%
I Did It Just the Same
39.6%
Ministry of Love
39.6%
Here Comes that Sinking Feeling
38.3%
Take Your Pain Away
38.3%
The Last Time
38.1%
Somebody Told Me
37.8%
Forever
37.6%
How Long
36.5%
Put the Blame on Me
35.3%
I Want it All
35%
My True Love
33.8%
Greetings from a Dead Man
33.5%
Your Time Will Come
33%
I've Tried Everything
32.7%
Anything But Strong
31%

You're not logged in!

Compare scores with friends on all Sporcle quizzes.
OR
Log In

From the Vault

Alliterative People

by rer2121

Porky Pig and Roger Rabbit play racquetball pretty regularly. At least in an alliterative world that's the case.
Remove Ads.
Support Sporcle.
Get the best of Sporcle when you Go Orange. This ad-free experience offers more features, more stats, and more fun while also helping to support Sporcle. Thank you for becoming a member.

Show Comments

Extras

Created Oct 10, 2009ReportNominate
Tags:Song Quiz, Eurythmics

Top Quizzes Today


Score Distribution

Your Account Isn't Verified!

In order to create a playlist on Sporcle, you need to verify the email address you used during registration. Go to your Sporcle Settings to finish the process.

Report this User

Report this user for behavior that violates our Community Guidelines.

Details: